Statistics for Name the World Leader(1990s) - Picture Quiz

Click here to take the quiz!

General Stats

  • This quiz has been taken 60 times
  • The average score is 13 of 18

Answer Stats

Answer% Correct
Bill Clinton
100%
Mikhail Gorbachev
100%
Nelson Mandela
100%
Saddam Hussein
98%
Kim Jong-il
96%
Muammar Gaddafi
94%
Boris Yeltsin
90%
Pope John Paul II
84%
Yasser Arafat
78%
Silvio Berlusconi
70%
Helmut Kohl
68%
John Major
64%
Jacques Chirac
62%
Suharto
58%
Slobodan Milošević
48%
Shimon Peres
42%
Ali Khamenei
38%
Jiang Zemin
30%

Score Distribution

Percentile by Number Answered

Percent of People with Each Score

Your Score History

You have not taken this quiz